000 00316nam a2200133Ia 4500
005 20251222144914.0
008 251222s9999||||xx |||||||||||||| ||spa||
020 _a88-459-1616-2
082 _a270/G49
100 _aGirard, René
245 0 _aVedo Satana Cadere come la Folgore
264 _bAdelphi
942 _cLIB
999 _c22473
_d22473